00705nam a2200193 i 450000100060000000300090000600500170001500700030003200800410003510000270007624500820010326000540018530000280023949000370026783000450030485200230034999900170037295201220038945933ES-MaACL20230906161313.0t|030327s1926 sp ||||1| spa d1 aConde, Félix.94009210aManual teórico práctico de tecnología mecánica / cpor Félix Conde. aBarcelona : bSarriá, c1926 (fTip. Salesiana) a2 v. : bil. ; c21 cm.1 aBiblioteca profesional salesiana0 aBiblioteca profesional salesiana9184465 aES-MaACLjA-589-90 c45933d45933 00104070aATENEOMbATENEOMcSPP1d2008-01-17eSCl0oA-589-90p1048323r2023-02-23 00:00:00w2023-02-23yMONOGRAFIA